000
00230nam a2200097Ia 4500
008
230907s9999||||xx |||||||||||||| ||und||
082
_a
620.11,CAS
245
0
_a
Lasers in materials science /
300
_a
xvi,387 p.:
942
_c
BK
999
_c
597492
_d
597492